000 00818nam a22002777a 4500
001 BR7702904
003 BR-BrBNA
005 20230928085304.0
007 ta
008 230509b bl.||||| |||| 00| 0 por d
040 _aBR-BrBNA
_bpor
_cBiblioteca Nacional de Agricultura
041 _a(Por)
072 _aE30; E50
_b/G514
090 _ E30 BR7702904
100 1 _aMiranda, R.N. de
245 1 _aPOLONORDESTE, resultados e perspectivas [Programa de Desenvolvimento de Areas Integradas do Nordeste; Brasil]
260 3 _aBrasilia, DF (Brasil):
_cAug 1977.
300 _a16 p.
650 _aProjeto de desenvolvimento
650 _aSociologia rural
650 _aDesenvolvimento rural
650 _aDesenvolvimento agricola
650 _aNordeste
909 _a202309
_bLucia
_c55
_dLucia Elande
942 _cBK
999 _c23684
_d23684